000 00253nam a22001097a 4500
082 _a660 GYN'A
100 _aGYNGELL, ERIC S
_940112
245 _aAPPLIED CHEMISTRY FOR ENGINEERS
260 _aLONDON
_bEDWARD AROLD
_c1960
300 _a359P
942 _cBK
999 _c583039
_d583039